Blue Note : the ultimate collection /

Bibliographic Details
Main Author: Marsh, Graham
Other Authors: Callingham, Glyn
Format: Book
Language:English
Published: San Francisco, Calif. : London : Chronicle ; Hi Marketing, 2002.
Subjects:

MARC

Tag First Indicator Second Indicator Subfields
LEADER 00000cam a22000008a 4500
001 in00001720321
005 20151024190638.0
008 020905s2002 cau 000 0 eng
015 |a GBA2-U7854 
020 |a 0811836886 
035 |a (OCoLC)ocm50718347 
040 |a UKM  |c UKM  |d OMP  |d OCLCQ  |d TXA  |d UtOrBLW 
049 |a TXAM 
082 0 4 |a 781.650973  |2 21 
090 |a NC1882  |b .M37 2002 
100 1 |a Marsh, Graham. 
245 1 0 |a Blue Note :  |b the ultimate collection /  |c Graham Marsh and Glyn Callingham. 
264 1 |a San Francisco, Calif. :  |b Chronicle ;  |a London :  |b Hi Marketing,  |c 2002. 
300 |a 287 pages :  |b illustrations ;  |c 18 cm. 
336 |a text  |b txt  |2 rdacontent 
337 |a unmediated  |b n  |2 rdamedia 
338 |a volume  |b nc  |2 rdacarrier 
610 2 4 |a Blue Note Records. 
650 0 |a Sound recordings  |x Album covers  |z United States  |x History. 
700 1 |a Callingham, Glyn. 
948 |a cataloged  |b h  |c 2003/1/8  |e cmulkey  |f 14:12:14 
994 |a E0  |b TXA 
999 |a MARS 
999 f f |s 9d28b69d-6dea-37dc-908a-a1d3783d81c8  |i 1fa463ee-c6ad-30cb-8515-27d4a953d721  |t 0 
952 f f |p normal  |a Texas A&M University  |b College Station  |c Sterling C. Evans Library  |d Evans: Library Stacks  |t 0  |e NC1882 .M37 2002  |h Library of Congress classification  |i unmediated -- volume  |m A14829755920 
998 f f |a NC1882 .M37 2002  |t 0  |l Evans: Library Stacks